000 00650nas a2200229 4500
001 BR8601088
003 BR-BrBNA
005 20231205090346.0
007 ta
008 230509b bl.|||p| |||| 00| 00por d
040 _aBR-BrBNA
_bpor
_cBiblioteca Nacional de Agricultura
041 _a(Pt)
072 _aQ02
100 1 _aRahde, A.
245 1 _aVitivinicultura. Safra de alta qualidade em 1986
650 _aVINHO
650 _aINDUSTRIA ALIMENTICIA
650 _aUVA
773 0 _tAgricultura de Hoje (Brazil)
_xISSN 0100-5707
_g(Mar 1986), v. 11(113) p. 19
_wBR8601088
909 _a202311
_bLúcia
_c55
_dLúcia Elande
942 _2AGRIS
_n0
_cANA
999 _c117861
_d117861